Yoga Sutras of Patanjali, Vol.- 2 : (Record no. 25405)

MARC details
000 -LEADER
fixed length control field 01102cam a2200277 a 4500
001 - CONTROL NUMBER
control field 12402402
003 - CONTROL NUMBER IDENTIFIER
control field BDDh-ASL
005 - DATE AND TIME OF LATEST TRANSACTION
control field 20231015030502.0
008 - FIXED-LENGTH DATA ELEMENTS--GENERAL INFORMATION
fixed length control field 010508s2002 mau b 000 0 eng
010 ## - LIBRARY OF CONGRESS CONTROL NUMBER
LC control number 2001026516
020 ## - INTERNATIONAL STANDARD BOOK NUMBER
International Standard Book Number 1578632013 (pbk. : alk. paper)
040 ## - CATALOGING SOURCE
Original cataloging agency DLC
Transcribing agency DLC
Modifying agency DLC
-- BDDh-ASL
041 1# - LANGUAGE CODE
Language code of text/sound track or separate title eng
Language code of original san
050 00 - LIBRARY OF CONGRESS CALL NUMBER
Classification number B132.Y6
Item number P263 2002
082 00 - DEWEY DECIMAL CLASSIFICATION NUMBER
Classification number 181.452
Edition number 21
Item number PAY
100 0# - MAIN ENTRY--PERSONAL NAME
Personal name Patañjali.
240 10 - UNIFORM TITLE
Uniform title Yogasūtra. English
245 10 - TITLE STATEMENT
Title Yoga Sutras of Patanjali, Vol.- 2 :
Remainder of title with the Exposition of Vyasa, A Translation and Commentary /
Statement of responsibility, etc. interpreted by Mukunda Stiles.
260 ## - PUBLICATION, DISTRIBUTION, ETC.
Place of publication, distribution, etc. Boston, MA :
-- Delhi:
Name of publisher, distributor, etc. Weiser Books,
-- Motilal Banarsidass Publishers,
Date of publication, distribution, etc. 2002.
-- 2001.
300 ## - PHYSICAL DESCRIPTION
Extent 860 p. :
Dimensions 25 cm.
504 ## - BIBLIOGRAPHY, ETC. NOTE
Bibliography, etc. note Includes bibliographical references (p. 122-124).
650 #0 - SUBJECT ADDED ENTRY--TOPICAL TERM
Topical term or geographic name entry element Yoga
Form subdivision Early works to 1800.
906 ## - LOCAL DATA ELEMENT F, LDF (RLIN)
a 7
b cbc
c orignew
d 1
e ocip
f 19
g y-gencatlg
942 ## - ADDED ENTRY ELEMENTS (KOHA)
Source of classification or shelving scheme Dewey Decimal Classification
Koha item type Books
Holdings
Withdrawn status Lost status Source of classification or shelving scheme Damaged status Not for loan Collection code Home library Current library Shelving location Date acquired Source of acquisition Total Checkouts Full call number Barcode Date last seen Copy number Price effective from Koha item type
    Dewey Decimal Classification     Non-fiction Asiatic Society Library Asiatic Society Library Sirajul Islam Collection 07/14/2021 Donated by Professor Sirajul Islam, FRHS   181.452 PAY 110173 07/14/2021 C-1 07/14/2021 Books

Powered by Koha